Most Common Words In English Starting With D - Statistics

General Stats
  • This quiz has been taken 6,794 times
  • The average score is 58 of 163
Answer Stats
Word % Correct
do
99%
day
86%
dear
78%
die
78%
door
76%
deal
74%
date
73%
dog
73%
dig
72%
drive
72%
dad
71%
dead
71%
drink
69%
dark
66%
deep
66%
draw
65%
dream
65%
dinner
64%
death
63%
differ
63%
dare
62%
drop
61%
deer
59%
different
59%
down
59%
drag
59%
dust
58%
daily
56%
dance
56%
decide
55%
dirt
53%
doctor
53%
dry
52%
difference
51%
distance
50%
desk
49%
danger
48%
decision
48%
double
48%
demand
47%
direct
47%
dirty
47%
define
46%
deny
46%
dress
46%
depend
45%
divide
45%
deck
44%
doubt
44%
defend
43%
dish
43%
driver
42%
due
42%
distant
41%
dangerous
40%
deliver
40%
direction
40%
data
39%
dealer
39%
desert
39%
drug
39%
determine
38%
draft
38%
damage
37%
design
37%
detail
37%
duty
37%
definition
36%
destroy
36%
discuss
36%
decade
35%
degree
35%
demonstrate
34%
division
34%
drawing
34%
defense
33%
definitely
33%
delivery
33%
develop
33%
difficult
33%
drama
33%
diet
32%
delay
31%
discover
31%
discussion
31%
during
31%
daughter
30%
debate
30%
debt
30%
demonstration
30%
darkness
29%
director
29%
differently
28%
describe
27%
designer
27%
detect
27%
development
27%
difficulty
27%
dozen
26%
disappear
25%
dramatic
25%
department
24%
depth
24%
description
24%
desperate
24%
destruction
24%
directly
24%
discovery
24%
deeply
23%
defensive
23%
Democrat
23%
deserve
23%
desire
23%
digital
23%
disaster
23%
democracy
22%
display
22%
distinct
22%
decrease
21%
dependent
21%
dominate
21%
declare
20%
defeat
20%
depression
20%
despite
20%
disease
20%
dismiss
20%
diverse
20%
divorce
20%
decline
19%
depending
19%
developing
19%
disagree
19%
district
19%
document
19%
democratic
18%
deputy
18%
distribution
18%
device
17%
distinction
17%
distribute
17%
derive
16%
dining
16%
domestic
16%
dimension
15%
defendant
14%
discipline
14%
dramatically
14%
depict
13%
devote
13%
downtown
13%
detailed
12%
disability
12%
diversity
12%
dominant
12%
dispute
10%
distinguish
10%
disorder
9%
dialogue
8%
discourse
8%
deficit
6%
discrimination
4%
DNA
4%
No matching quizzes found
Score Distribution
Percent of People with Each Score
Percentile by Number Answered
Your Score History
You have not taken this quiz